Verkehrsentwicklung in Deutschland
Gespeichert in:
| Format: | Buch |
|---|---|
| Sprache: | Deutsch |
| Veröffentlicht: |
Leipzig
Teubner
1900
|
| Tags: |
Keine Tags, Fügen Sie das erste Tag hinzu!
|
MARC
| LEADER | 00000nam a2200000 4500 | ||
|---|---|---|---|
| 001 | 0306985 | ||
| 005 | 20250212113900.4 | ||
| 041 | 0 | |a ger | |
| 044 | |a DE | ||
| 245 | 1 | 0 | |a Verkehrsentwicklung in Deutschland |c W. Lotz |
| 264 | 1 | |a Leipzig |b Teubner |c 1900 | |